LEADER 00898nam0-2200313---450- 001 990008310670403321 005 20101229182434.0 035 $a000831067 035 $aFED01000831067 035 $a(Aleph)000831067FED01 035 $a000831067 100 $a20060411d1960----km-y0itay50------ba 101 0 $aita 102 $aIT 105 $ay---n---001yy 200 1 $aDei singoli contratti$e[artt. 1470-1765]$fGiuseppe Mirabelli 210 $aTorino$cUTET$d1960 215 $aXVI, 700 p.$d25 cm 225 1 $aCommentario del Codice civile$hLibro 4.$iDelle obbligazioni 676 $a346.450 026 38$v21$zita 676 $a347.4$v21$zita 700 1$aMirabelli,$bGiuseppe$0227247 801 0$aIT$bUNINA$gRICA$2UNIMARC 901 $aBK 912 $a990008310670403321 952 $aVIII B 504 (4.3)$b64585$fFGBC 959 $aFGBC 996 $aDei singoli contratti$9203812 997 $aUNINA LEADER 01309nam0 2200337 i 450 001 SUN0126224 005 20200506115331.577 010 $d0.00 017 70$2N$a9783030178918 100 $a20200117d2019 |0engc50 ba 101 $aeng 102 $aCH 105 $a|||| ||||| 200 1 $a*Sustainable Agrochemistry$eA Compendium of Technologies$fSílvio Vaz Jr. editor 205 $aCham : Springer, 2019 210 $aXII$d388 p.$cill. ; 24 cm 215 $aPubblicazione in formato elettronico 620 $aCH$dCham$3SUNL001889 676 $a333.714$cValutazione di impatto ambientale$v22 676 $a540$cChimica generale$v22 676 $a577.14$cChimica ambientale$v22 676 $a668.4192$cTecnologia dei rifiuti$v22 676 $a630$cAgricoltura e tecnologie connesse$v22 702 1$aVaz$b, S.$cjr.$3SUNV097633 712 $aSpringer$3SUNV000178$4650 801 $aIT$bSOL$c20200921$gRICA 856 4 $uhttps://link.springer.com/book/10.1007%2F978-3-030-17891-8#toc 912 $aSUN0126224 950 $aUFFICIO DI BIBLIOTECA DEL DIPARTIMENTO DI SCIENZE E TECNOLOGIE AMBIENTALI BIOLOGICHE E FARMACEUTICHE$d17CONS e-book 2113 $e17BIB2113 138 20200117 996 $aSustainable Agrochemistry$91570978 997 $aUNICAMPANIA